Cena v marketingu

Saved in:
Bibliographic Details
Main Author: Lipianska, Júlia
Format: Book Chapter
Language:Slovak
Tags: Add Tag
No Tags, Be the first to tag this record!

MARC

LEADER 00000naa$a2200000$$$4500
001 0136300
005 20240502072527.0
041 0 |a slo 
044 |a SK 
245 1 0 |a Cena v marketingu  |c Júlia Lipianska 
100 1 |a Lipianska, Júlia